Imāmat va rahbarī /

Saved in:
Bibliographic Details
Main Author: Muṭahharī, Murtaz̤á.
Format: eBook
Language:Persian
Published: Tihrān : Intishārāt-i Ṣadrā, 1364 [1985]
Edition:Chāp-i 2.
Subjects:
Tags: Add Tag
No Tags, Be the first to tag this record!
LEADER 01068nam a22002771a 4500
001 MIU01-001528131
003 MiU
005 19890905000000.0
006 m d |||||
007 cr bn ---auaua
008 890905s1985 ir b 000 0 perod
035 |a (RLIN)MIUG89-B44572 
035 |a (OCoLC)ocm20319425 
038 |a MiU 
040 |a MiU  |c MiU 
100 1 |a Muṭahharī, Murtaz̤á. 
245 1 0 |a Imāmat va rahbarī /  |c Murtaz̤á Muṭahharī. 
250 |a Chāp-i 2. 
260 |a Tihrān :  |b Intishārāt-i Ṣadrā,  |c 1364 [1985] 
300 |a 252 p. ;  |c 22 cm. 
500 |a In Persian. 
504 |a Includes bibliographical references. 
538 |a Mode of access: Internet. 
588 |a This bibliographic record is available under the Creative Commons CC0 public domain dedication. The University of Michigan Libraries, as creator of this bibliographic record, has waived all rights to it worldwide under copyright law, including all related and neighboring rights, to the extent allowed by law. 
650 0 |a Imamate. 
650 0 |a Shīʻah  |x Doctrines.